[Event "Reinstorf op"]
[Site "Reinstorf"]
[Date "2022.02.05"]
[Round "8"]
[White "Borkhardt, Arndt"]
[Black "Krause, Marianne"]
[Result "1-0"]
[WhiteElo "1940"]
[BlackElo "1548"]
[PlyCount "87"]
[EventDate "2022.01.29"]
[EventType "swiss"]
[EventRounds "9"]
[EventCountry "GER"]
[SourceTitle "CBM 206 Extra"]
[Source "ChessBase"]
[SourceDate "2022.03.31"]
[SourceVersion "1"]
[SourceVersionDate "2022.03.31"]
[SourceQuality "1"]

1. e4 c6 2. Nc3 d5 3. Nf3 Nf6 4. e5 Ne4 5. Ne2 Bf5 6. d3 Nc5 7. Ng3 Bg6 8. h4 h6 9. h5 Bh7 10. Be3 e6 11. Be2 Ncd7 12. d4 Nb6 13. Kf1 N8d7 14. Bd3 Bxd3+ 15. Qxd3 Nc4 16. Bc1 Qc7 17. b3 Ncb6 18. a4 a5 19. Be3 c5 20. dxc5 Bxc5 21. Bxc5 Qxc5 22. Ne2 Rc8 23. Ned4 0-0 24. g4 Qc3 25. Qxc3 Rxc3 26. Ke2 Rfc8 27. Rag1 Nf8 28. g5 hxg5 29. Rxg5 Nh7 30. Rg2 Kh8 31. Rhg1 Rg8 32. Kd2 Rc5 33. Nb5 Rcc8 34. Nd6 Rc7 35. Nd4 Re7 36. f4 f5 37. Nxe6 Nf8 38. Ng5 g6 39. Ngf7+ Kh7 40. hxg6+ Rxg6 41. Rh2+ Kg7 42. Ng5 Rc7 43. Nxf5+ Kg8 44. Rgh1 1-0

[Event "Paleochora op 13th"]
[Site "Paleochora"]
[Date "2020.07.18"]
[Round "1"]
[White "Krause, Marianne"]
[Black "Unuk, Laura"]
[Result "0-1"]
[WhiteElo "1615"]
[BlackElo "2365"]
[PlyCount "46"]
[EventDate "2020.07.18"]
[EventType "swiss"]
[EventRounds "9"]
[EventCountry "GRE"]
[SourceTitle "EXT 2021"]
[Source "ChessBase"]
[SourceDate "2020.10.23"]
[SourceVersion "1"]
[SourceVersionDate "2020.10.23"]
[SourceQuality "1"]

1. d4 Nf6 2. Nf3 e6 3. e3 b6 4. Bd3 Bb7 5. 0-0 c5 6. b3 cxd4 7. exd4 Be7 8. Bb2 0-0 9. Nbd2 Nc6 10. a3 Rc8 11. Ne5 Qc7 12. c4 h6 13. f4 d5 14. Qe2 Qd6 15. Rac1 Nxd4 16. Bxd4 dxc4 17. Ndxc4 Qxd4+ 18. Kh1 Nd5 19. Qe4 Qxe4 20. Bxe4 b5 21. Na5 Rxc1 22. Rxc1 Bxa3 23. Ra1 Bb2 0-1

[Event "Gibraltar Amateur op-B"]
[Site "Caleta"]
[Date "2019.01.30"]
[Round "5"]
[White "Krause, Marianne"]
[Black "Mahbubani, Dev"]
[Result "1-0"]
[WhiteElo "1637"]
[BlackElo "1343"]
[PlyCount "61"]
[EventDate "2019.01.26"]
[EventType "swiss"]
[EventRounds "5"]
[EventCountry "GGB"]
[SourceTitle "EXT 2021"]
[Source "ChessBase"]
[SourceDate "2020.10.23"]
[SourceVersion "1"]
[SourceVersionDate "2020.10.23"]
[SourceQuality "1"]

1. c4 Nf6 2. g3 d6 3. Bg2 g6 4. e3 Bg7 5. Ne2 c6 6. Nbc3 0-0 7. 0-0 e5 8. d3 d5 9. cxd5 cxd5 10. d4 e4 11. Bd2 Nc6 12. a3 Bg4 13. Rc1 Qd7 14. Qc2 Bh3 15. b4 Bg4 16. Qb3 Bf3 17. Nf4 Bxg2 18. Kxg2 Ne7 19. h3 g5 20. Nfe2 Qf5 21. Ng1 g4 22. h4 Qh5 23. Nge2 Ng6 24. Rh1 Qf5 25. Ng1 Nh5 26. Qxd5 Qxd5 27. Nxd5 Rac8 28. Ne2 Rc6 29. Rxc6 bxc6 30. Ndc3 Rd8 31. Nxe4 1-0

[Event "Gibraltar Amateur op-A"]
[Site "Caleta"]
[Date "2019.01.22"]
[Round "2"]
[White "Krause, Marianne"]
[Black "Mahbubani, Arun"]
[Result "1-0"]
[WhiteElo "1637"]
[BlackElo "1261"]
[PlyCount "47"]
[EventDate "2019.01.21"]
[EventType "swiss"]
[EventRounds "5"]
[EventCountry "GGB"]
[SourceTitle "CBM 188 Extra"]
[Source "ChessBase"]
[SourceDate "2019.02.28"]
[SourceVersion "1"]
[SourceVersionDate "2019.02.28"]
[SourceQuality "1"]

1. d4 d5 2. Nf3 Nc6 3. e3 Nf6 4. a3 a6 5. Nbd2 h6 6. Bd3 e6 7. b3 Be7 8. Bb2 Bd7 9. 0-0 b5 10. Ne5 0-0 11. f4 Bd6 12. Rf3 Ne7 13. Rh3 Bxe5 14. dxe5 Ne4 15. Nxe4 dxe4 16. Bxe4 f5 17. Bxa8 Qxa8 18. Qxd7 Kf7 19. Qd1 Nd5 20. Qh5+ Ke7 21. Bd4 Kd7 22. Rg3 Rg8 23. Qf7+ Kc6 24. Qxe6+ 1-0

[Event "GER-ch international (Women)"]
[Site "Bodenmais"]
[Date "2017.07.30"]
[Round "2"]
[White "Wolff, Beate"]
[Black "Krause, Marianne"]
[Result "1-0"]
[WhiteElo "1194"]
[BlackElo "1735"]
[PlyCount "91"]
[EventDate "2017.07.29"]
[EventType "swiss"]
[EventRounds "9"]
[EventCountry "GER"]
[SourceTitle "EXT 2019"]
[Source "ChessBase"]
[SourceDate "2018.10.10"]
[SourceVersion "1"]
[SourceVersionDate "2018.10.10"]
[SourceQuality "1"]

1. c4 Nf6 2. g3 d6 3. Bg2 Nc6 4. Nf3 e5 5. d3 Bd7 6. 0-0 Be7 7. Nc3 0-0 8. a3 Ne8 9. b4 a6 10. Bb2 Qc8 11. Nd5 Bd8 12. Qd2 Ne7 13. Ng5 h6 14. Ne4 Nxd5 15. cxd5 f5 16. Nc3 f4 17. Ne4 Bh3 18. f3 Bxg2 19. Kxg2 Nf6 20. Nxf6+ Bxf6 21. g4 Qd7 22. Rac1 Rf7 23. e4 g5 24. h3 Rh7 25. Rh1 Re8 26. Qf2 Qb5 27. Rc4 Qd7 28. Qa7 Qc8 29. a4 Qb8 30. Qxb8 Rxb8 31. b5 a5 32. Rhc1 Bd8 33. d4 exd4 34. Bxd4 Rd7 35. e5 dxe5 36. Bxe5 Rxd5 37. Bxc7 Bxc7 38. Rxc7 Rd2+ 39. Kf1 Rd4 40. Rc8+ Rd8 41. Rxd8+ Rxd8 42. Rc7 Rd4 43. Rxb7 Rxa4 44. Ra7 Ra1+ 45. Ke2 a4 46. b6 1-0

[Event "GER-ch international (Women)"]
[Site "Bodenmais"]
[Date "2017.07.29"]
[Round "1"]
[White "Krause, Marianne"]
[Black "Von Herman, Brigitte"]
[Result "0-1"]
[WhiteElo "1735"]
[BlackElo "2058"]
[PlyCount "98"]
[EventDate "2017.07.29"]
[EventType "swiss"]
[EventRounds "9"]
[EventCountry "GER"]
[SourceTitle "EXT 2019"]
[Source "ChessBase"]
[SourceDate "2018.10.10"]
[SourceVersion "1"]
[SourceVersionDate "2018.10.10"]
[SourceQuality "1"]

1. c4 d6 2. Nc3 e5 3. g3 f5 4. Bg2 Nf6 5. e3 Be7 6. Nge2 c6 7. b3 0-0 8. Bb2 a5 9. 0-0 Na6 10. d4 Bd7 11. Qd2 Qe8 12. Rad1 Rb8 13. d5 c5 14. e4 a4 15. exf5 axb3 16. axb3 Bxf5 17. Ra1 h6 18. f3 Qd7 19. Ra4 Bg6 20. Nb5 Qf5 21. Re1 Rbe8 22. Nc1 Rc8 23. Bc3 Be8 24. g4 Qg6 25. Qd3 Qxd3 26. Nxd3 Bxb5 27. cxb5 Nc7 28. f4 Nxb5 29. Bb2 Nxg4 30. Bh3 h5 31. Bxg4 hxg4 32. fxe5 dxe5 33. Rxg4 Bf6 34. Bxe5 Bxe5 35. Rxe5 Nd4 36. Kg2 Nxb3 37. Reg5 Rf7 38. Ne5 c4 39. Nxf7 Kxf7 40. Rxg7+ Kf6 41. R7g6+ Ke5 42. R6g5+ Kd6 43. Rh4 c3 44. Rh6+ Kc5 45. d6+ Kc4 46. Kf2 c2 47. Rh4+ Kc3 48. d7 Rf8+ 49. Ke2 c1Q 0-1